000 00635nam a2200253Ia 4500
008 180207s9999 xx 000 0 und d
020 _a9786214150090
050 _a510
050 _bA674 2016
100 _aArciaga, Ronald L.
245 _aPre-calculus /
245 _cby Ronald L. Arciaga.
260 _aManila, Philippines :
260 _bJFS Publishing Services,
260 _c2016
300 _a101 pages :
300 _billustrations ;
300 _c25cm.
500 _aIncludes bibliography.
650 _aMathematics --
650 _aMathematics.
650 _xProblems, exercise, etc.
700 _aTitle.
999 _c355915
_d355915